<?xml version='1.0' encoding='UTF-8'?><?xml-stylesheet href='static/style.xsl' type='text/xsl'?><OAI-PMH xmlns="http://www.openarchives.org/OAI/2.0/" xmlns:xsi="http://www.w3.org/2001/XMLSchema-instance" xsi:schemaLocation="http://www.openarchives.org/OAI/2.0/ http://www.openarchives.org/OAI/2.0/OAI-PMH.xsd"><responseDate>2026-04-30T18:12:14Z</responseDate><request verb="GetRecord" identifier="oai:ebiltegia.mondragon.edu:20.500.11984/4470" metadataPrefix="marc">https://ebiltegia.mondragon.edu/oai/request</request><GetRecord><record><header><identifier>oai:ebiltegia.mondragon.edu:20.500.11984/4470</identifier><datestamp>2024-01-04T21:56:57Z</datestamp><setSpec>com_20.500.11984_1736</setSpec><setSpec>com_20.500.11984_1627</setSpec><setSpec>col_20.500.11984_1972</setSpec></header><metadata><record xmlns="http://www.loc.gov/MARC21/slim" xmlns:dcterms="http://purl.org/dc/terms/" xmlns:xsi="http://www.w3.org/2001/XMLSchema-instance" xmlns:doc="http://www.lyncode.com/xoai" xsi:schemaLocation="http://www.loc.gov/MARC21/slim http://www.loc.gov/standards/marcxml/schema/MARC21slim.xsd">
   <leader>00925njm 22002777a 4500</leader>
   <datafield ind2=" " ind1=" " tag="042">
      <subfield code="a">dc</subfield>
   </datafield>
   <datafield ind2=" " ind1=" " tag="720">
      <subfield code="a">Mondragon Unibertsitatea</subfield>
      <subfield code="e">author</subfield>
   </datafield>
   <datafield ind2=" " ind1=" " tag="260">
      <subfield code="c">2015-12-03</subfield>
   </datafield>
   <datafield ind2=" " ind1=" " tag="520">
      <subfield code="a">Joseba Sarrionandia idazleak argitara eman du Euskal Kulturgintzaren Transmisioa aditu tituluko bosgarren ediziorako idatzitako saiakera. "Lapur banden etika ala politika" izenpean, liburuak biltzen ditu, batetik, aditu tituluko ikasleen artean eztabaidatzeko Sarrionandiak proposatutako idazlana, bestetik, oinarrizko testu horri zenbait ikaslek egindako ekarpenak, eta, azkenik, idazleak berak emandako ondorengo erantzunak. Saiakeran, idazle durangarrak hausnarketa egiten du Euskal Herriko politikan egin den ibilbideaz. Pamiela argitaletxeak kaleratu du liburua eta Durangoko Azokan jarriko da salgai.</subfield>
   </datafield>
   <datafield ind2=" " ind1=" " tag="520">
      <subfield code="a">El escritor Joseba Sarrionandia ha publicado en formato de libro el ensayo escrito para la última edición del curso experto en Transmisión de la cultura vasca. Bajo el título "Lapur banden etika ala politika", el libro recoge el ensayo escrito por Sarrionandia, los comentarios de los y las estudiantes del citado curso y la posterior respuesta del propio escritor. El libro ha sido publicado por la editorial Pamiela y se pondrá a la venta en la Feria de Durango.</subfield>
   </datafield>
   <datafield ind1="8" ind2=" " tag="024">
      <subfield code="a">https://hdl.handle.net/20.500.11984/4470</subfield>
   </datafield>
   <datafield tag="653" ind2=" " ind1=" ">
      <subfield code="a">Humanitate eta Hezkuntza Zientzien Fakultatea</subfield>
   </datafield>
   <datafield ind2="0" ind1="0" tag="245">
      <subfield code="a">Joseba Sarrionandiak argitara eman du Euskal Kulturgintzaren Transmisioa aditu titulurako idatzitako saiakera</subfield>
   </datafield>
   <datafield ind2="0" ind1="0" tag="245">
      <subfield code="a">Publicado el ensayo de Joseba Sarrionandia escrito para el curso experto en Transmisión de la Cultura Vasca</subfield>
   </datafield>
</record></metadata></record></GetRecord></OAI-PMH>